Normal view
MARC view
- ضيف،خيرت
Entry Personal Name
001 - CONTROL NUMBER
- control field: 7944
003 - CONTROL NUMBER IDENTIFIER
- control field: JO-AjAnu
005 - DATE AND TIME OF LATEST TRANSACTION
- control field: 20230606071601.0
008 - FIXED-LENGTH DATA ELEMENTS
- fixed length control field: 230606|| aca||aabn | a|a d
040 ## - CATALOGING SOURCE
- Original cataloging agency: JO-AjAnu
- Transcribing agency: JO-AjAnu
100 ## - HEADING--PERSONAL NAME
- Personal name: ضيف،خيرت
670 ## - SOURCE DATA FOUND
- Source citation: Work cat.: (JO-AjAnu)4103: ضيف،خيرت , author, المحاسبة الضريبية في رسم الانتقال على الحقوق والاموال : وفقا لاحكام التشريع الضريبي اللبناني دراسة مقارنة